000 nam a22 4500
999 _c8996
_d8996
008 180323b ||||| |||| 00| 0 eng d
245 _aUsing tech to beat the big C.
260 _aPhilippines:
_bManila Bulletin,
_cc2017.
300 _apage C2.
650 0 _927071
_aCancer.
942 _2ddc
_cPER